000 00470nam a2200169Ia 4500
003 OSt
005 20260316124154.0
008 211028s2015 xx 000 0 und d
040 _cAIMIT LIBRARY
041 _aeng
100 _aJamali K, Abdul; Kumar, Rakesh.
_g121761
_94548
110 _aSuchetha Vijay.
_94549
245 _aSingtel- xml creation and updating metadata /
260 _aMangalore
_c2015
710 _aITC Info Tech India Ltd
_94550
942 _2ddc
_cPRO
999 _c217607
_d217607